| 000 | 00455nam a2200193Ia 4500 | ||
|---|---|---|---|
| 008 | 130729s9999 xx 000 0 und d | ||
| 072 | _aPhysics Of Semiconductors | ||
| 082 | _a537.6 | ||
| 082 | _bK6341 | ||
| 100 |
_aKireev,P. _9656 |
||
| 245 | _aLa Physique Des Semiconductors | ||
| 245 | _cKireev,P. | ||
| 260 | _aMoscou | ||
| 260 | _bEditions Mir | ||
| 260 | _c1975 | ||
| 300 | _a725 | ||
| 300 | _fIllustration,tables & graph | ||
| 942 | _cBK | ||
| 999 |
_c6433 _d6433 |
||